000 00653nam a2200217Ii 4500
001 22737
003 CO-ViMGA
008 241108s9999||||xx |||||||||||||| ||und||
020 _a9589798136
040 _aCO-ViMGA
_bspa
_erda
_cCO-ViMGA
041 0 _aunk
082 0 4 _a597.98 U73t
100 1 _aUribe Hurtado, Cristina,
_d1956-
_957177
245 1 0 _aTeresita Crocodilus de viaje por el Amazonas
264 1 _aBeijing, China : Cristina Uribe Ediciones, 2020
300 _avolumen
336 _atext
_btxt
_2rdacontent
337 _aunmediated
_bn
_2rdamedia
338 _avolume
_bnc
_2rdacarrier
940 _aidficha_siabuc: 21106. -- ficha_no_siabuc:22737
999 _c55481
_d55481